Normal view
MARC view
Entry Personal Name
001 - CONTROL NUMBER
- control field: 1221
003 - CONTROL NUMBER IDENTIFIER
- control field: OSt
005 - DATE AND TIME OF LATEST TRANSACTION
- control field: 20110419170017.0
008 - FIXED-LENGTH DATA ELEMENTS
- fixed length control field: 110419|||a|||||| | ||| d
040 ## - CATALOGING SOURCE
- Original cataloging agency: OSt
- Transcribing agency: OSt
100 ## - HEADING--PERSONAL NAME
- Personal name: Bell,
- Titles and other words associated with a name: Hon. Mr Justice
- Fuller form of name: (Rodger),
- Dates associated with a name: 1939-
670 ## - SOURCE DATA FOUND
- Source citation: Work cat.: (OSt)0: Guidelines for the assessment of general damages in personal injury cases /, c2000.
